Airtightness in UK dwellings and the review of Approved Document L (Record no. 62340)

MARC details
000 -LEADER
fixed length control field 01117cam a2200253 4500
001 - CONTROL NUMBER
control field ABS61752
008 - FIXED-LENGTH DATA ELEMENTS--GENERAL INFORMATION
fixed length control field 000000n2000 000 0 eng u
035 ## - SYSTEM CONTROL NUMBER
System control number (Sirsi) u103813
100 ## - MAIN ENTRY--PERSONAL NAME
Personal name Stephen, R.
245 ## - TITLE STATEMENT
Title Airtightness in UK dwellings and the review of Approved Document L
260 ## - PUBLICATION, DISTRIBUTION, ETC.
Date of publication, distribution, etc. 2000
490 ## - SERIES STATEMENT
Series statement Building Engineer
Volume/sequential designation 75(1) January 2000, 24-26(3)
520 ## - SUMMARY, ETC.
Summary, etc. Discusses attempts by the government to reduce unwanted infiltration through air leakage in buildings. It is intended that the latest review of Part l of the Building Regulations will lead to reduced energy consumption in buildings and meet government targets for CO2 emissions. The article is intended to be of interest to those involved in the design, specification and regulatory control of new dwellings.
590 ## - LOCAL NOTE (RLIN)
Local note ABS
650 ## - SUBJECT ADDED ENTRY--TOPICAL TERM
Topical term or geographic name entry element NEW DWELLINGS
650 ## - SUBJECT ADDED ENTRY--TOPICAL TERM
Topical term or geographic name entry element AIRTIGHTNESS
650 ## - SUBJECT ADDED ENTRY--TOPICAL TERM
Topical term or geographic name entry element VENTILATION
650 ## - SUBJECT ADDED ENTRY--TOPICAL TERM
Topical term or geographic name entry element CARBON DIOXIDE EMISSIONS
650 ## - SUBJECT ADDED ENTRY--TOPICAL TERM
Topical term or geographic name entry element APPROVED DOCUMENT L
650 ## - SUBJECT ADDED ENTRY--TOPICAL TERM
Topical term or geographic name entry element BUILDING REGULATIONS
9 (RLIN) 6224
650 ## - SUBJECT ADDED ENTRY--TOPICAL TERM
Topical term or geographic name entry element ENERGY SAVING
690 ## - LOCAL SUBJECT ADDED ENTRY--TOPICAL TERM (OCLC, RLIN)
Topical term or geographic name as entry element BUILDING AND CONSTRUCTION-ENERGY MANAGEMENT
942 ## - ADDED ENTRY ELEMENTS (KOHA)
Suppress in OPAC 0
Holdings
Withdrawn status Lost status Source of classification or shelving scheme Damaged status Not for loan Home library Current library Shelving location Date acquired Total Checkouts Full call number Barcode Date last seen Copy number Price effective from Koha item type
    Dewey Decimal Classification     London London Journal article 27/01/2000   ABS61752 103813-1001 06/08/2019 1 06/08/2019 Journal article